000 01137nam a22003377a 4500
003 CHAP
005 20220329141123.0
008 971010s1986 mx r 00010 spa d
010 _a62912
011 _a63884
035 _a68512
040 _cCHAP
082 0 4 _a001.6424
_bK6Y
100 0 0 _aKoffman, Elliot B.
_963618
245 1 _aBASIC
_b: introducción al lenguaje y resolución de problemas con programación estructurada
260 _aMéxico, D. F. :
_bFondo Educativo Interamericano,
_c1986
300 _a485 p.
590 _aBATCH-UPD
_b10
_c20130110
_lUCH01
_h0037
590 _aBATCH-UPD
_b10
_c20130110
_lUCH01
_h1154
590 _aBATCH-UPD
_b10
_c20130410
_lUCH01
_h0737
590 _aBATCH-UPD
_b10
_c20130914
_lUCH01
_h0544
590 _aCONVERSION
_b10
_c20130109
_lUCH01
_h1334
650 1 4 _aBASIC (Programación)
_910695
650 1 4 _aLenguajes de programación.
_965989
650 1 4 _aProgramación (Computadoras)
_992368
700 0 _aFriedman, Frank L.
_943293
790 1 _aProgramación estructurada
901 _aBK
942 _cLIBRO
949 _a001.6424 K6Y
_bBC
_cLIBRO
_d33724000292744
_eLIBRO
_h68809
_i68512
_si
999 _c62912
_d62912